Real Names of Rappers - Sudden Death - Statistics

General Stats
  • This quiz has been taken 275 times
  • The average score is 5 of 17
Answers on the Grid
Answers color-coded by a green-red scale on the quiz's grid according to % correct below.
Earl Simmons
Gregory William Peck
Dolly O'Shannon
O'Shea Jackson
Tupac Shigurh
Shawn Carter
Kimberly Denise Jones
Curtis Jackson
Trevor George Smith
Talib Kettleman
Dana Elaine Owens
Christopher Wallace
Benjamin Legod
Dwayne Michael Carter
Michael Santiago Render
Marshall Mathers
Dwight Moses Frye
Nasir Jones
Robert Bryson Hall
Jermaine Lamarr Cole
Lucas Leonard Cobb Johnson
Carey A. Mite
Meghan Elliott
Alvin Nathaniel Jolnier
Andre Benjamin
Kevin Johnson
James Todd Smith
Bellatrix Carter
Joshua Coleman
Rick Rubin
 
Answer Stats
Answer % Correct
Marshall Mathers
68%
Curtis Jackson
65%
O'Shea Jackson
60%
Shawn Carter
54%
Jermaine Lamarr Cole
48%
Dwayne Michael Carter
44%
Christopher Wallace
39%
Andre Benjamin
37%
Earl Simmons
29%
Nasir Jones
25%
Kimberly Denise Jones
17%
James Todd Smith
11%
Trevor George Smith
9%
Dana Elaine Owens
8%
Robert Bryson Hall
8%
Michael Santiago Render
4%
Alvin Nathaniel Jolnier
3%
No matching quizzes found
Score Distribution
Percent of People with Each Score
Percentile by Number Answered
Your Score History
You have not taken this quiz